Desigualdad, Poder y Cambio Social en Monterrey /

Guardado en:
Bibliografiske detaljer
Hovedforfatter: Vellinga, Menno (autor)
Format: Bog
Sprog:spansk
Udgivet: México : Siglo XXI, 1988
Fag:
Tags: Tilføj Tag
Ingen Tags, Vær først til at tagge denne postø!

MARC

LEADER 00000nam^a2200000^a^4500
001 000023687
005 20250620000000.0
009 20260310084543.957
020 |a 968-23-1501-8 
037 |a Acervo ITESO - Biblioteca 
041 |a ESP 
082 |a 323. 3  |b VEL 
100 |a Vellinga, Menno  |e (autor) 
245 1 0 |a Desigualdad, Poder y Cambio Social en Monterrey /  |c M. Vellinga. 
264 1 |a México :  |b Siglo XXI,  |c 1988 
300 |a 216 p. 
336 |a texto  |b txt  |2 rdacontenido 
337 |a sin mediación  |b n  |2 rdamedio 
338 |a volumen  |b nc  |2 rdasoporte 
649 |a XX 
650 |a Política -  |z Monterrey, Nuevo León 
650 |a Clases Sociales -  |z Monterrey, Nuevo León 
650 |a Clases Sociales -  |z Monterrey, Nuevo León 
910 |a Fondo General 
920 |a Impresos - Libros 
930 |a Colección General 
905 |a 101 
901 |a 0500240831  |b IT1  |c ACC  |i D66911  |u 20250521 
901 |a 0236870200  |b IT1  |c ACC  |i 903801  |u 20250620 
902 |a https://opac.biblio.iteso.mx/vufind/Record/000023687